Man United Squad Numbers 24/25 - Statistics

General Stats
  • This quiz has been taken 10 times
  • The average score is 28 of 34
Answer Stats
Pos. # Answer % Correct
GK 1 Altay Bayindir
100%
GK 24 Andre Onana
100%
LW 17 Alejandro Garnacho
89%
RW 16 Amad
89%
RW 21 Antony
89%
CM 8 Bruno Fernandes
89%
CDM 18 Casemiro
89%
RB 20 Diogo Dalot
89%
CB 5 Harry Maguire
89%
ST 11 Joshua Zirkzee
89%
CM 37 Kobbie Mainoo
89%
CB 15 Leny Yoro
89%
CB 6 Lisandro Martinez
89%
LB 23 Luke Shaw
89%
LW 10 Marcus Rashford
89%
CM 7 Mason Mount
89%
CB 4 Matthijs de Ligt
89%
RB 3 Noussair Mazraoui
89%
LB 13 Patrick Dorgu
89%
ST 9 Rasmus Hojlund
89%
GK 22 Tom Heaton
89%
LB 12 Tyrell Malacia
89%
CB 26 Ayden Heaven
78%
CM 14 Christian Eriksen
78%
CM 44 Dan Gore
78%
LB 41 Harry Amass
78%
CB 35 Jonny Evans
78%
CDM 25 Manuel Ugarte
78%
CM 43 Toby Collyer
78%
ST 56 Chido Obi
67%
LW N/A Jadon Sancho
67%
CB 2 Victor Lindelof
67%
CB 55 Tyler Fredricson
56%
ST 36 Ethan Wheatley
44%
No matching quizzes found
Score Distribution
Percent of People with Each Score
Percentile by Number Answered
Your Score History
You have not taken this quiz